000
00323nam a2200133 4500
999
_c
507887
_d
507887
008
190228b ||||| |||| 00| 0 eng d
100
_a
Singh, K.M.
_9
2704
245
_a
Treating animals as living entities
260
_c
2018
300
_a
p.94-101.
773
_a
Dialogue
906
_a
Animal welfare
942
_2
ddc
_c
AR